000 01008nam a2200289 i 4500
003 DO-SdBNP
005 20240726101056.0
006 a||||gr|||| 00| 0
007 ta
008 240725t1992 dr ao||| |||| 00| 0 spa d
020 _a8430529535
040 _aDO-SdBNP
_bspa
_cBNPHU
_erda
082 4 _222
_bD238d
100 1 _aSantiago, Pedro Julio,
_944573
_eautor
245 1 0 _aSanto Domingo colonial:
_bguía monumental /
_cTexto: Pedro Julio Santiago; fotografías, Julio González.
264 4 _aSanto Domingo :
_bMUNDILIBRO, S. A.
_c©1992
300 _a79 páginas :
_bilustraciones, fotografías ;
_c25 cm.
336 _2rdacontent
_atexto
_btx
337 _2rdamedia
_asin mediación
_bn
338 _2rdacarrier
_avolumen
_bnc
500 _aIncluye pie de fotos.
590 _aInventariado 2024 / MF
650 4 _aGuías turísticas
_xRepública Dominicana
_980228
650 4 _aTurismo
_xGuías
_zRepública Dominicana
_982555
700 1 _aGonzález, Julio,
_922913
_efotografía
942 _2ddc
_cLBS1
999 _c57355
_d57355